Southville International School and Colleges
Your cart is empty.
  • Cart
  • Lists
    Public lists Eva Luna New books Lux_list list_1
    Your lists Log in to create your own lists
  • Log in to your account
  • Your cookies
  • Search history
Southville International School and Colleges
  • Advanced search
  • Recent comments
  • Most popular
  • Libraries

Log in to your account

Log in with GOOGLE


If you do not have an external account, but do have a local account, you can still log in:

  1. Home
  2. MARC view: JAVA :
Normal view MARC view ISBD view

JAVA : (Record no. 22345)

[ view plain ]
MARC details
000 -LEADER
fixed length control field 00593nam a2200205 a 4500
005 - DATE AND TIME OF LATEST TRANSACTION
control field 20140310183402.0
008 - FIXED-LENGTH DATA ELEMENTS--GENERAL INFORMATION
fixed length control field 121005s19uu xx 00 eng d
020 ## - INTERNATIONAL STANDARD BOOK NUMBER
International Standard Book Number 9789810697679
050 ## - LIBRARY OF CONGRESS CALL NUMBER
Classification number QA 76.73.J38
Item number .D368 2010
100 ## - MAIN ENTRY--PERSONAL NAME
Personal name Deitel, Paul
245 ## - TITLE STATEMENT
Title JAVA :
Remainder of title how to program /
Statement of responsibility, etc Paul Deitel, Harvey Deitel.
250 ## - EDITION STATEMENT
Edition statement 8th ed.
260 ## - PUBLICATION, DISTRIBUTION, ETC. (IMPRINT)
Place of publication, distribution, etc Jurong, Singapore :
Name of publisher, distributor, etc Pearson Education South Asia,
Date of publication, distribution, etc 2010.
300 ## - PHYSICAL DESCRIPTION
Extent 1506 p. :
Dimensions 24 cm.
521 ## - TARGET AUDIENCE NOTE
Target audience note
650 ## - SUBJECT ADDED ENTRY--TOPICAL TERM
Topical term or geographic name as entry element JAVA ( computer program language )
700 ## - ADDED ENTRY--PERSONAL NAME
Personal name Deitel, Harvey
942 ## - ADDED ENTRY ELEMENTS (KOHA)
Koha item type Books
Source of classification or shelving scheme Library of Congress Classification
Call number prefix Foreign
Holdings
Withdrawn status Lost status Source of classification or shelving scheme Damaged status Home library Current library Shelving location Date acquired Source of acquisition Total Checkouts Full call number Barcode Date last seen Date checked out Copy number Price effective from Koha item type
    Library of Congress Classification   College Library College Library General Circulation Section 10/05/2012   1 QA 76.73.J38 .D368 2010 C16287 05/15/2018 12/04/2016 1 10/10/2013 Books

JAVA :

APA

Deitel P., Deitel H., . (2010). JAVA. Jurong, Singapore: Pearson Education South Asia.

Chicago

Deitel Paul, Deitel Harvey, . 2010. JAVA. Jurong, Singapore: Pearson Education South Asia.

Harvard

Deitel P., Deitel H., . (2010). JAVA. Jurong, Singapore: Pearson Education South Asia.

MLA

Deitel Paul, Deitel Harvey, . JAVA. Jurong, Singapore: Pearson Education South Asia. 2010.

  • Place hold
  • Print
  • Cite
  • Add to your cart (remove)
  • Save record
    BIBTEX Dublin Core MARCXML MARC (non-Unicode/MARC-8) MARC (Unicode/UTF-8) MARC (Unicode/UTF-8, Standard) MODS (XML) RIS
  • More searches
    Search for this title in:
    Other Libraries (WorldCat) Other Databases (Google Scholar) Online Stores (Bookfinder.com) Open Library (openlibrary.org)

Exporting to Dublin Core...

SOUTHVILLE LIBRARY

Southville International School and Colleges Library

1281 Tropical Ave. Cor. Luxembourg St., BF Homes International, Las Pinas City

Tel. No. 8256374 / 252358 Loc. 117/146

Powered by Koha